| 000 | 00527nam a2200181 a 4500 | ||
|---|---|---|---|
| 001 | 000002258 | ||
| 005 | 20241009115416.0 | ||
| 008 | 090701s2004 dr 000 f spa d | ||
| 040 |
_aDO-SdBNP _bspa _cBNPHU |
||
| 082 |
_aRD863.5 _bF931m |
||
| 100 | 1 |
_aFrómeta, Leo _97201 |
|
| 245 | 1 | 3 |
_aEl 3men2 rey del reagueton / _cLeo Frómeta. |
| 260 |
_a[s.l.] : _b[s.n.]. |
||
| 300 |
_a50 p. ; _c21 cm. |
||
| 504 | _aLa biblioteca posee 3 ejemplares autográfiados por el autor. | ||
| 650 | 4 |
_aNovela _97202 |
|
| 650 | 0 |
_aLiteratura _93439 |
|
| 999 |
_c2104 _d2104 |
||